000
00352pab a2200157 454500
008
180718b2009 xxu||||| |||| 00| 0 eng d
100
_a
Saigol, Rubina
245
_a
The myth of media freedom
260
_c
2009
300
_a
p.6-21.
362
_a
Jan-Mar
650
_a
Mass media
773
_a
South Asian Journal
908
_a
N
909
_a
81398
999
_c
81398
_d
81398